000 01037cab a2200277 4500
001 ABS46929
008 090401t1992 xxu||||| |||| 00| 0 eng d
035 _a(Sirsi) u60157
041 _aeng
100 _aCottrell, R.
245 _aAnother look at the Housing Act 1988
260 _c1992
350 _a0
490 _aSolicitors` Journal
_v136(33) 21 August 1992, 841(1)
520 _aArgues for amendments to Housing Act 1988 to elucidate whether the unlawfully evicted tenant must show that offers of reinstatement were reasonably refused or whether the landlord must demonstrate that such offers were genuinely made. Illustrated by reference to "Tagro v Cafane".
650 _aBURDEN OF PROOF
650 _aEVICTION
650 _aHOUSING ACT 1988 S27
650 _aHOUSING ACT 1988 S28
650 _aREINSTATEMENT
650 _aTAGRO V CAFANE
650 _aUNLAWFUL EVICTION
690 _aPROPERTY-RESIDENTIAL PROPERTY-RESIDENTIAL LANDLORD AND TENANT-RESIDENTIAL TENANCIES
942 _n0
948 _c04/03/1997
999 _c37059
_d37059